000 00830nam a2200253Ia 4500
003 OSt
005 20220923225019.0
006 a|||||r|||| 00| 0
007 ta
008 220922b |||||||| |||| 00| 0 hin d
024 _a255,234
037 _cTextual
040 _aARTS
_cARTS
_bhin
041 _2hin
_ahin
082 _aO152,3N25,SA, L2;L4
100 _aसोबती, कृष्णा
_9156318
245 0 _aसूरजमुखी अॅंधेरे के
246 _aSūrajamukhī aॅandhere ke
260 _aनयी दिल्ली
_b राजकमल प्रकाशन
_c1974
300 _a126पृ.
_ccm.
650 _aहिन्दी कहानी
942 _hO152,3N25,SA, L2;L4
_cTEXL
_2CC
999 _c375404
_d375404